Normal view
MARC view
Entry Topical Term
001 - CONTROL NUMBER
- control field: 34939
003 - CONTROL NUMBER IDENTIFIER
- control field: OSt
005 - DATE AND TIME OF LATEST TRANSACTION
- control field: 20221228161839.0
008 - FIXED-LENGTH DATA ELEMENTS
- fixed length control field: 221228|| aca||aabn | a|a d
040 ## - CATALOGING SOURCE
- Original cataloging agency: OSt
- Transcribing agency: OSt
150 ## - HEADING--TOPICAL TERM
- Topical term or geographic name entry element: Social media, Local governance, Department type.
670 ## - SOURCE DATA FOUND
- Source citation: Work cat.: (OSt): Wang, X. Holbrook, A.L. and Feeney, M. 34938, The role of department type in public managers’ attitudes toward social media use
